000 01857cam a22004574a 4500
001 muse86557
003 MdBmJHUP
005 20210127151719.0
006 m o d
007 cr||||||||nn|n
008 710921s1971 ncu o 00 0 eng d
010 _z 73028576
020 _a9781469658278
020 _z9781469658261
035 _a(OCoLC)652410857
040 _aMdBmJHUP
_cMdBmJHUP
041 0 _aeng
_ager
050 0 4 _aPT2415
_b.R8
082 0 _a801/.93
100 1 _aRudowski, Victor Anthony,
_d1924-
245 1 0 _aLessing's "Aesthetica in Nuce"
_bAn Analysis of the May 26, 1769, Letter to Nicolai
264 1 _bUniversity of North Carolina Press,
264 3 _bProject MUSE,
300 _a1 online resource (144 p.)
490 0 _aUniversity of North Carolina studies in the Germanic languages and literatures, no. 69
500 _aAppendices (p. [91]-102): A. Lessing's letter to Nicolai dated May 26, 1769 (in German)--B. Aristotle's arguments on the superiority of drama (in English)--C. Mendelssohn's "Von der Illusion" (in German)
504 _aBibliography: p. [131]-144.
506 0 _aOpen Access
_fUnrestricted online access
_2star
588 _aDescription based on print version record.
600 1 1 _aLessing, Gotthold Ephraim,
_d1729-1781
_xAesthetics.
650 0 _aAesthetics, German
_y18th century.
655 7 _aElectronic books.
_2local
710 2 _aProject Muse.
_edistributor
830 0 _aUniversity of North Carolina studies in the Germanic languages and literatures ;
_vno. 69.
830 0 _aBook collections on Project MUSE.
856 4 0 _zFull text available:
_uhttps://muse.jhu.edu/book/75792/
999 _c26752
_d26752